Toisen maailmansodan osapuolet - Statistics

Yleistilastot
  • Tätä visaa on pelattu 56 kertaa
  • Keskiarvotulos 18 / 23
Vastaustilastot
Vastaus % Oikein
Saksa
98%
Yhdysvallat
98%
Italia
92%
Italia
92%
Japani
92%
Ranska
92%
Suomi
92%
Neuvostoliitto
88%
Iso-Britannia
87%
Unkari
83%
Alankomaat
81%
Puola
81%
Kiina
79%
Kreikka
77%
Norja
77%
Belgia
75%
Tanska
69%
Bulgaria
63%
Romania
62%
Jugoslavia
60%
Luxemburg
50%
Tsekkoslovakia
42%
Slovakia
29%
Ehtoja vastaavia visoja ei löytynyt
Tulosjakauma
Jokaisen tuloksen saaneiden osuus
Persentiili vastausten määrän mukaan
Tuloshistoriasi
Et ole pelannut tätä visaa